00342pab a2200121 454500008004000000100001800040245006700058260000900125300001200134362001200146650002900158773003300187180718b2013 xxu||||| |||| 00| 0 eng d aKoo, Young-Mo aGreenhouse facilities and environmental control in South Korea c2013 ap.7-27. aJan-Jun aEnvironmental regulation aJournal of Rural Development